[Event "Ceske Budejovice op"]
[Site "Ceske Budejovice"]
[Date "2019.07.04"]
[Round "6"]
[White "Brhlik, Antonin"]
[Black "Stodola, Zdenek"]
[Result "1-0"]
[WhiteElo "1639"]
[BlackElo "1551"]
[PlyCount "67"]
[EventDate "2019.06.29"]
[EventType "swiss"]
[EventRounds "9"]
[EventCountry "CZE"]
[SourceTitle "CBM 191 Extra"]
[Source "ChessBase"]
[SourceDate "2019.09.30"]
[SourceVersion "1"]
[SourceVersionDate "2019.09.30"]
[SourceQuality "1"]

1. e4 Nf6 2. e5 Nd5 3. d4 d6 4. Nf3 Bg4 5. Be2 e6 6. c4 Nb6 7. Nc3 Nc6 8. Be3 Be7 9. 0-0 0-0 10. exd6 cxd6 11. b3 Qd7 12. Qd2 Bf6 13. Rfd1 Rad8 14. Rac1 Rfe8 15. Ne4 Be7 16. d5 exd5 17. cxd5 Nb8 18. Qa5 Bxf3 19. Bxf3 f5 20. Nc3 Na6 21. Nb5 Nc8 22. Nc7 Nxc7 23. Rxc7 b6 24. Qc3 Bf6 25. Qc2 Qb5 26. a3 Rf8 27. Bd4 Qe8 28. Bxf6 Rxf6 29. Qc1 Rf8 30. Re1 Qb5 31. Qc3 Rd7 32. Rxc8 Rdf7 33. Rxf8+ Kxf8 34. Qc8+ 1-0

[Event "Wch Seniors 65 26th"]
[Site "Marianske Lazne"]
[Date "2016.11.30"]
[Round "11"]
[White "Maman, Emanuel"]
[Black "Brhlik, Antonin"]
[Result "0-1"]
[WhiteElo "1800"]
[BlackElo "1732"]
[PlyCount "50"]
[EventDate "2016.11.19"]
[EventType "swiss"]
[EventRounds "11"]
[EventCountry "CZE"]
[SourceTitle "EXT 2018"]
[Source "ChessBase"]
[SourceDate "2017.10.13"]
[SourceVersion "1"]
[SourceVersionDate "2017.10.13"]
[SourceQuality "1"]

1. e4 c5 2. Nf3 Nc6 3. c4 Nf6 4. Nc3 e5 5. d3 d6 6. Be2 Be7 7. 0-0 0-0 8. Nd5 Nxd5 9. cxd5 Nd4 10. Nxd4 cxd4 11. f4 f5 12. fxe5 dxe5 13. Qb3 Bd6 14. exf5 Qe7 15. g4 Qh4 16. Rf2 g6 17. Bd2 gxf5 18. gxf5 Kh8 19. Raf1 Rg8+ 20. Kh1 Rg3 21. Be1 Qh3 22. Qb5 Bxf5 23. Bf3 Rag8 24. Be4 Bxe4+ 25. dxe4 Rg2 0-1

[Event "Wch Seniors 65 26th"]
[Site "Marianske Lazne"]
[Date "2016.11.27"]
[Round "8"]
[White "Brhlik, Antonin"]
[Black "Mortensen, Steen Juul"]
[Result "1/2-1/2"]
[WhiteElo "1732"]
[BlackElo "1975"]
[PlyCount "44"]
[EventDate "2016.11.19"]
[EventType "swiss"]
[EventRounds "11"]
[EventCountry "CZE"]
[SourceTitle "CBM 175 Extra"]
[Source "ChessBase"]
[SourceDate "2016.12.12"]
[SourceVersion "1"]
[SourceVersionDate "2016.12.12"]
[SourceQuality "1"]

1. e4 e5 2. Nf3 Nc6 3. Bb5 a6 4. Ba4 Nf6 5. d4 Nxd4 6. Nxd4 exd4 7. e5 Ne4 8. Qxd4 Nc5 9. 0-0 Be7 10. Nc3 0-0 11. Be3 d6 12. Rad1 Nxa4 13. Qxa4 Bd7 14. Qd4 Bc6 15. Qg4 Qc8 16. Qxc8 Raxc8 17. Bf4 dxe5 18. Bxe5 Rfd8 19. Rxd8+ Rxd8 20. Rd1 Rxd1+ 21. Nxd1 Bd8 22. Ne3 f6 1/2-1/2

[Event "Hradec Kralove op"]
[Site "Hradec Kralove"]
[Date "2014.10.23"]
[Round "7"]
[White "Svetly, Jiri"]
[Black "Brhlik, Antonin"]
[Result "1-0"]
[WhiteElo "1888"]
[BlackElo "1739"]
[PlyCount "52"]
[EventDate "2014.10.18"]
[EventType "swiss"]
[EventRounds "9"]
[EventCountry "CZE"]
[SourceTitle "EXT 2015"]
[Source "ChessBase"]
[SourceDate "2014.11.20"]
[SourceVersion "1"]
[SourceVersionDate "2014.11.20"]
[SourceQuality "1"]

1. d4 Nf6 2. c4 g6 3. Nc3 Bg7 4. e4 0-0 5. e5 Ne8 6. f4 c5 7. d5 d6 8. Nf3 Bg4 9. Qe2 Nd7 10. e6 fxe6 11. dxe6 Nb6 12. h3 Bxf3 13. Qxf3 Rf6 14. g4 Rxe6+ 15. Kf2 Bd4+ 16. Kg2 Nc7 17. f5 Rf6 18. Ne4 Rf7 19. Ng5 Rf6 20. Ne4 Rf7 21. Bd3 Rb8 22. Qg3 gxf5 23. Ng5 Rg7 24. Bxf5 e5 25. Bxh7+ Rxh7 26. Nxh7 Kxh7 1-0

[Event "Trebic Highlands op 10th"]
[Site "Trebic"]
[Date "2014.05.20"]
[Round "5"]
[White "Horak, Jaroslav"]
[Black "Brhlik, Antonin"]
[Result "0-1"]
[WhiteElo "1595"]
[BlackElo "1718"]
[PlyCount "72"]
[EventDate "2014.05.17"]
[EventType "swiss"]
[EventRounds "9"]
[EventCountry "CZE"]
[SourceTitle "CBM 160 Extra"]
[Source "ChessBase"]
[SourceDate "2014.07.01"]
[SourceVersion "1"]
[SourceVersionDate "2014.07.01"]
[SourceQuality "1"]

1. e4 c5 2. Nf3 Nc6 3. d4 cxd4 4. Nxd4 Nf6 5. Nc3 e5 6. Ndb5 d6 7. Bg5 a6 8. Bxf6 gxf6 9. Na3 b5 10. Nd5 Bg7 11. c3 Ne7 12. Nc2 0-0 13. Bd3 Nxd5 14. exd5 f5 15. Ne3 e4 16. Bc2 f4 17. Ng4 Qg5 18. h3 h5 19. Bxe4 Re8 20. f3 hxg4 21. hxg4 Rxe4+ 22. fxe4 Bxg4 23. Qd3 Be5 24. a4 b4 25. Rb1 Bd7 26. Qe2 bxc3 27. Rh5 Qg3+ 28. Kf1 Bg4 29. Rg5+ Kf8 30. Rxg4 Qh2 31. Kf2 cxb2 32. Kf3 Rc8 33. Rxb2 Rc3+ 34. Kf2 Bd4+ 35. Ke1 Qg1+ 36. Qf1 Qe3+ 0-1

[Event "Hradec Kralove op"]
[Site "Hradec Kralove"]
[Date "2013.05.19"]
[Round "7"]
[White "Brhlik, Antonin"]
[Black "Collins, Alan"]
[Result "1-0"]
[WhiteElo "1684"]
[BlackElo "1762"]
[PlyCount "73"]
[EventDate "2013.05.15"]
[EventType "swiss"]
[EventRounds "9"]
[EventCountry "CZE"]
[SourceTitle "EXT 2014"]
[Source "ChessBase"]
[SourceDate "2013.11.20"]
[SourceVersion "1"]
[SourceVersionDate "2013.11.20"]
[SourceQuality "1"]

1. e4 d6 2. d4 Nf6 3. Nc3 c6 4. f4 Qa5 5. Bd2 e5 6. dxe5 dxe5 7. Nd5 Qd8 8. Nxf6+ Qxf6 9. Nf3 exf4 10. Bc3 Qg6 11. Qd4 c5 12. Bb5+ Bd7 13. Qe5+ Be7 14. Bxd7+ Nxd7 15. Qxf4 0-0 16. 0-0-0 Nb6 17. b3 Rac8 18. Kb1 c4 19. Ba1 cxb3 20. axb3 Rc6 21. Ne5 Qxg2 22. Nxc6 Bc5 23. Ne5 f6 24. Nd3 Be7 25. Rhg1 Qh3 26. Rg3 Qh5 27. Rdg1 g5 28. Qf5 Qxh2 29. R1g2 Qh5 30. Rh3 Qd1+ 31. Nc1 Rf7 32. Rgh2 Ba3 33. Rh1 Qd6 34. Rxh7 Rxh7 35. Rxh7 Kf8 36. Bxf6 Qd1 37. Bxg5+ 1-0

[Event "Olexa Memorial op"]
[Site "Brno"]
[Date "2009.12.28"]
[Round "4"]
[White "Brhlik, Antonin"]
[Black "Glacner, Karel"]
[Result "1/2-1/2"]
[WhiteElo "1650"]
[BlackElo "1834"]
[PlyCount "101"]
[EventDate "2009.12.26"]
[EventType "swiss"]
[EventRounds "7"]
[EventCountry "CZE"]
[SourceTitle "CBM 134 Extra"]
[Source "ChessBase"]
[SourceDate "2010.03.03"]
[SourceVersion "1"]
[SourceVersionDate "2010.03.03"]
[SourceQuality "1"]

1. e4 c5 2. Nf3 d6 3. d4 cxd4 4. Nxd4 a6 5. c4 e6 6. Nc3 Be7 7. Be2 Nf6 8. 0-0 0-0 9. Be3 b6 10. f4 Bb7 11. Bf3 Nbd7 12. Qc2 Rc8 13. b3 Qc7 14. Rac1 Ba8 15. Qe2 Nc5 16. Bd2 Ncd7 17. Kh1 Kh8 18. Rfe1 Rg8 19. e5 Bxf3 20. Nxf3 dxe5 21. fxe5 Ng4 22. h3 Nh6 23. Bxh6 gxh6 24. Qe4 Nc5 25. Qe3 Bg5 26. Nxg5 hxg5 27. Rcd1 Nd7 28. Ne4 h6 29. h4 Rg6 30. h5 Rgg8 31. Rxd7 Qxd7 32. Nf6 Qd8 33. Nxg8 Kxg8 34. Re2 Qd1+ 35. Kh2 Rd8 36. Qf3 Rd4 37. g3 Rd2 38. Qa8+ Kg7 39. Rxd2 Qxd2+ 40. Qg2 Qe3 41. Qb2 g4 42. b4 Qg5 43. Qe2 Qxh5+ 44. Kg1 Qg5 45. Kg2 h5 46. c5 bxc5 47. bxc5 Qe7 48. Qc4 Qb7+ 49. Kf2 Qb2+ 50. Qe2 Qd4+ 51. Qe3 1/2-1/2

[Event "Ricany op-B"]
[Site "Ricany"]
[Date "2008.08.29"]
[Round "8"]
[White "Fojtu, Tomas"]
[Black "Brhlik, Antonin"]
[Result "1/2-1/2"]
[WhiteElo "1603"]
[BlackElo "1682"]
[PlyCount "52"]
[EventDate "2008.08.23"]
[EventType "swiss"]
[EventRounds "9"]
[EventCountry "CZE"]
[SourceTitle "CBM 126 Extra"]
[Source "ChessBase"]
[SourceDate "2008.11.05"]
[SourceVersion "1"]
[SourceVersionDate "2008.11.05"]
[SourceQuality "1"]

1. e4 c5 2. Nf3 d6 3. d4 cxd4 4. Nxd4 Nf6 5. Nc3 a6 6. Be2 e6 7. 0-0 b5 8. a3 Bb7 9. Bd3 Be7 10. f4 Nbd7 11. Nf3 Qc7 12. Qe2 Rc8 13. Be3 0-0 14. g4 Nc5 15. Bxc5 dxc5 16. g5 c4 17. gxf6 cxd3 18. cxd3 Bxf6 19. e5 Be7 20. Rac1 Qd7 21. Ne4 f5 22. exf6 Bxf6 23. Nc5 Rxc5 24. Rxc5 Ba8 25. Rfc1 Bb7 26. Rc7 Qd5 1/2-1/2

[Event "Ricany op-B"]
[Site "Ricany"]
[Date "2008.08.24"]
[Round "2"]
[White "Brhlik, Antonin"]
[Black "Kudrna, Jakub"]
[Result "1/2-1/2"]
[WhiteElo "1682"]
[BlackElo "1000"]
[PlyCount "136"]
[EventDate "2008.08.23"]
[EventType "swiss"]
[EventRounds "9"]
[EventCountry "CZE"]
[SourceTitle "CBM 126 Extra"]
[Source "ChessBase"]
[SourceDate "2008.11.05"]
[SourceVersion "1"]
[SourceVersionDate "2008.11.05"]
[SourceQuality "1"]

1. e4 e6 2. d4 a6 3. c4 c5 4. d5 e5 5. Nf3 d6 6. Nc3 Be7 7. Bd3 Bf6 8. Be3 Ne7 9. a3 Nd7 10. b4 b6 11. 0-0 Ng6 12. Qd2 0-0 13. Rac1 Nh4 14. Ne1 Ng6 15. Rb1 Be7 16. Ne2 Nf6 17. f3 Bd7 18. g3 Ne8 19. g4 h6 20. h3 Bg5 21. Ng2 Bxe3+ 22. Qxe3 Nh4 23. Ne1 Ng6 24. f4 exf4 25. Nxf4 Ne5 26. Nf3 Qe7 27. Ne2 a5 28. b5 Nxf3+ 29. Qxf3 Qe5 30. Qf4 Qg5 31. Qxg5 hxg5 32. Kg2 Nf6 33. Rbe1 Rae8 34. Nc3 Re5 35. Kf3 Nh7 36. Re2 Rfe8 37. Rfe1 Nf8 38. Na4 Rb8 39. Kg3 Ng6 40. Rf1 Nf4 41. Rxf4 gxf4+ 42. Kxf4 Kh7 43. Rf2 g6 44. Rf1 Kg7 45. Rg1 Kf8 46. Rf1 Ke7 47. Rg1 Kd8 48. Nc3 Kc7 49. Nd1 Rh8 50. Rg3 Rh4 51. Ne3 Re8 52. Ng2 Rh6 53. Kg5 Rh7 54. Kf6 Re5 55. Rf3 g5 56. Ne3 Be8 57. Nf5 Bd7 58. Kxg5 Bxf5 59. gxf5 Kd7 60. Kf6 Ke8 61. Rg3 Kf8 62. Bc2 Rh6+ 63. Kg5 Kg7 64. Kg4 f6 65. Bd3 Re8 66. Kf4+ Kf7 67. Be2 Reh8 68. Bg4 Rh4 1/2-1/2

[Event "Olexa Memorial op-B"]
[Site "Brno"]
[Date "2001.12.26"]
[Round "3.4"]
[White "Brhlik, Antonin"]
[Black "Hruska, Vladimir"]
[Result "1-0"]
[WhiteElo "1740"]
[BlackElo "1809"]
[PlyCount "57"]
[EventDate "2001.12.26"]
[EventType "swiss"]
[EventRounds "9"]
[EventCountry "CZE"]
[SourceTitle "EXT 2003"]
[Source "ChessBase"]
[SourceDate "2002.11.25"]
[SourceVersion "1"]
[SourceVersionDate "2002.11.25"]
[SourceQuality "1"]

1. e4 Nf6 2. e5 Nd5 3. d4 d6 4. Nf3 Bg4 5. Be2 e6 6. c4 Nb6 7. Nc3 Be7 8. 0-0 0-0 9. Be3 d5 10. c5 Bxf3 11. Bxf3 Nc4 12. b4 Nxe3 13. fxe3 b6 14. e4 c6 15. exd5 cxd5 16. Qa4 f6 17. Bg4 f5 18. Bf3 Kh8 19. Rfd1 Qc7 20. Nxd5 exd5 21. Bxd5 Qd7 22. Qxd7 Nxd7 23. Bxa8 Rxa8 24. c6 Nf8 25. d5 Bxb4 26. Rac1 Ng6 27. c7 Bc5+ 28. Rxc5 bxc5 29. d6 1-0